USAF/USSF Ranks: Pictures - Statistics

General Stats
  • This quiz has been taken 72 times
  • The average score is 21 of 39
Answer Stats
Picture Answer % Correct
Airman First Class
75%
Major
75%
Colonel
73%
Airman
70%
Lieutenant General
70%
Captain
68%
First Lieutenant
68%
Major General
68%
Master Sergeant
68%
Senior Airman
68%
Staff Sergeant
68%
Technical Sergeant
68%
Brigadier General
65%
Chief Master Sergeant
65%
Second Lieutenant
65%
General
63%
Senior Master Sergeant
60%
Chief Master Sergeant of the Air Force
58%
First Sergeant
58%
Lieutenant Colonel
58%
General of the Air Force
55%
Specialist 3
48%
Specialist 4
48%
Command Chief Master Sergeant
45%
Master Sergeant
45%
Sergeant
45%
Specialist 2
45%
Technical Sergeant
45%
Chief Master Sergeant
43%
Chief Master Sergeant of the Space Force
43%
Senior Master Sergeant
43%
Cadet Second Lieutenant
38%
Cadet Captain
35%
Cadet Colonel
33%
Cadet First Lieutenant
33%
Cadet Lieutenant Colonel
33%
Cadet Major
33%
Cadet Fourth Class
30%
Cadet Third Class
28%
No matching quizzes found
Score Distribution
Percent of People with Each Score
Percentile by Number Answered
Your Score History
You have not taken this quiz